| 000 | 00943cam a2200157ua 4500 | ||
|---|---|---|---|
| 041 |
_aeng _h |
||
| 082 |
_a721.011 _bBUR/RE |
||
| 110 | 1 |
_aBureau of Indian Standards . _b _c( ) |
|
| 245 |
_aRecommendations for orientation of building, IS 7662(Part 1)-1974 / _cBureau of Indian Standards. _hTextual Documents |
||
| 250 |
_a1 / _b. |
||
| 260 |
_a : _bBureau of Indian Standards , _c1989. |
||
| 300 | _a16 ; . | ||
| 504 | _a | ||
| 942 | _cBK | ||
| 999 |
_c7664 _d7664 |
||